Top 10 des marques de bières les plus vendues au monde - Statistiques

Statistiques générales
  • Ce quiz a été pris 866 fois
  • Le résultat moyen est 3 sur 10
Statistiques - réponses
Pays d'origine Réponse % Correct
Pays-Bas Heineken
82%
USA Bud Light
58%
USA Budweiser
58%
Mexique Corona
56%
Chine Tsingtao
23%
USA Coors
5%
Brésil Skol
2%
Chine Snow
1%
Chine Harbin
0%
Chine Yanjing
0%
Aucun quiz correspondant
Distribution des résultats
% des personnes avec chaque résultat
Percentile par nombre de réponses
Votre historique - résultats
Vous n’avez pas pris ce quiz